000 00742nam a2200229 a 4500
001 75101
003 BD-RjUL
005 20211209082638.0
008 190121s2017 ii |||| |||| 00| 0 ben d
020 _c: Tk. 150.00
035 _a(BD-RjUL)75319
040 _aBD-RjUL
_bben
_cBD-RjUL
041 _aben
082 _223
_a891.444
_bBHK 2017
100 _aভট্টাচার্য, রমানাথ
_9122334
245 1 0 _aকবির গদ্য /
_cরমানাথ ভট্টাচার্য
260 _aকলকাতা :
_bপাঠক,
_c২০১৭.
300 _a১১৯ পৃ. ;
_c২০ সেমি.
650 _aবাংলা গদ্য
_9118883
650 _aBengali essays
_9116594
942 _2ddc
_cBK
999 _c75101
_d75101